书目信息 |
| 题名: |
罗马艺术鉴赏
|
|
| 作者: | 麦尔克姆·科利奇 著 ;曹吉祥 译 | |
| 分册: | ||
| 出版信息: | 北京 北京大学出版社 1988 |
|
| 页数: | 64页 | |
| 开本: | 19cm | |
| 丛书名: | 世界艺术鉴赏译丛 | |
| 单 册: | ||
| 中图分类: | J110.93 | |
| 科图分类: | ||
| 主题词: | 艺术--世界 , 美术--世界 | |
| 电子资源: | ||
| ISBN: | 7-301-00015-4 | |
| 000 | 00741nam0 2200241 45 | |
| 001 | 0405130942 | |
| 005 | 20040513092358.5 | |
| 010 | @a7-301-00015-4@b精装@dCNY4.65 | |
| 100 | @a20040513d1988 km y0chiy0120 ea | |
| 101 | 0 | @achi@cita |
| 105 | @aa z 000yy | |
| 200 | 1 | @a罗马艺术鉴赏@ALuo Ma Yi Shu Jian Shang@f(意)麦尔克姆·科利奇著@F(Yi)Mai Er Ke Mu·Ke Li Qi Zhu@g曹吉祥译 |
| 210 | @a北京@c北京大学出版社@d1988 | |
| 215 | @a64页@c彩图@d19cm | |
| 225 | @a世界艺术鉴赏译丛 | |
| 410 | @12001 @a世界艺术鉴赏译丛 | |
| 606 | 0 | @a艺术@x世界 |
| 606 | 0 | @a美术@x世界 |
| 690 | @aJ110.93@v3 | |
| 701 | 0 | @a麦尔克姆·科利奇@4著 |
| 702 | 0 | @a曹吉祥@ACao Ji Xiang@4译 |
| 801 | @aCN@bTSTCL@c20040513 | |
| 905 | @f2@b248791-792@dJ110.93@e15:2 | |
| 罗马艺术鉴赏/(意)麦尔克姆·科利奇著/曹吉祥译.-北京:北京大学出版社,1988 |
| 64页:彩图;19cm.-(世界艺术鉴赏译丛) |
| ISBN 7-301-00015-4(精装):CNY4.65 |
| ● |
| 相关链接 |
|
|
|
|
正题名:罗马艺术鉴赏
索取号:J110.93/15:2
 
预约/预借
| 序号 | 登录号 | 条形码 | 馆藏地/架位号 | 状态 | 备注 |
| 1 | 0248791 | 001239537 | 第一借阅区/ [索取号:J110.93/15:2] | 在馆 | |
| 2 | 0248792 | 001239546 | 第一借阅区/ [索取号:J110.93/15:2] | 在馆 | |
| 3 | 0248793 | 202118546 | 第一样本阅览室/ [索取号:J110.93/15:2] | 在馆 |